000 00315nam a2200133Ia 4500
100 _aCromwell/leslie/ Weibell/Fred
942 _cBK
654 _abiomedical
245 _aBiomedical instrumentatin and measurements
260 _bPrentice Hall
_c1980
082 _a5.43
_bKAL
300 _a510
546 _aENGLISH
999 _c25941
_d25941